<?xml version="1.0" encoding="UTF-8"?>
<record
    xmlns:xsi="http://www.w3.org/2001/XMLSchema-instance"
    xsi:schemaLocation="http://www.loc.gov/MARC21/slim http://www.loc.gov/standards/marcxml/schema/MARC21slim.xsd"
    xmlns="http://www.loc.gov/MARC21/slim">

  <leader>01324nam0a2200289   4500</leader>
  <controlfield tag="001">RU\NLR\BIBL_A\010363981</controlfield>
  <controlfield tag="005">20250614042922.0</controlfield>
  <datafield tag="010" ind1=" " ind2=" ">
    <subfield code="a">978-5-904449-72-8</subfield>
    <subfield code="9">500</subfield>
  </datafield>
  <datafield tag="021" ind1=" " ind2=" ">
    <subfield code="a">RU</subfield>
    <subfield code="b">2014-19819</subfield>
    <subfield code="9">1231</subfield>
  </datafield>
  <datafield tag="035" ind1=" " ind2=" ">
    <subfield code="a">(NLR Aleph) 010363981</subfield>
  </datafield>
  <datafield tag="090" ind1=" " ind2=" ">
    <subfield code="a">9588549</subfield>
    <subfield code="c">9588549</subfield>
  </datafield>
  <datafield tag="100" ind1=" " ind2=" ">
    <subfield code="a">20140603d2014    |||y0rusy50      ca</subfield>
  </datafield>
  <datafield tag="101" ind1="0" ind2=" ">
    <subfield code="a">tat</subfield>
  </datafield>
  <datafield tag="102" ind1=" " ind2=" ">
    <subfield code="a">RU</subfield>
  </datafield>
  <datafield tag="105" ind1=" " ind2=" ">
    <subfield code="a">a||||||||||||</subfield>
  </datafield>
  <datafield tag="200" ind1="1" ind2=" ">
    <subfield code="a">&#x411;&#x4E9;&#x440;&#x43A;&#x435;&#x43F; &#x447;&#x44B;&#x43A;&#x43A;&#x430;&#x43D; &#x447;&#x438;&#x448;&#x43C;&#x4D9; - &#x411;&#x4D9;&#x440;&#x43A;&#x4D9;&#x442;&#x4D9;</subfield>
    <subfield code="b">[&#x422;&#x430;&#x442;&#x430;&#x440;&#x441;&#x442;&#x430;&#x43D; &#x420;&#x435;&#x441;&#x43F;. &#x427;&#x438;&#x440;&#x43C;&#x435;&#x448;&#x4D9;&#x43D; &#x440;-&#x43D;&#x44B; &#x411;&#x4D9;&#x440;&#x43A;&#x4D9;&#x442;&#x4D9; &#x430;. &#x442;&#x430;&#x440;&#x438;&#x445;&#x44B;]</subfield>
    <subfield code="f">&#x418;&#x43C;&#x430;&#x43C;&#x435;&#x442;&#x434;&#x438;&#x43D; &#x425;&#x4D9;&#x439;&#x440;&#x435;&#x442;&#x434;&#x438;&#x43D;&#x43E;&#x432;</subfield>
  </datafield>
  <datafield tag="210" ind1=" " ind2=" ">
    <subfield code="a">&#x41A;&#x430;&#x437;&#x430;&#x43D;</subfield>
    <subfield code="c">&#x42F;&#x437;</subfield>
    <subfield code="d">2014</subfield>
  </datafield>
  <datafield tag="215" ind1=" " ind2=" ">
    <subfield code="a">351 &#x431;., [8] &#x43B;. &#x446;&#x432;. &#x444;&#x43E;&#x442;.</subfield>
    <subfield code="c">&#x438;&#x43B;., &#x43F;&#x43E;&#x440;&#x442;&#x440;.</subfield>
    <subfield code="d">22</subfield>
  </datafield>
  <datafield tag="541" ind1="1" ind2=" ">
    <subfield code="6">z01790</subfield>
    <subfield code="a">[&#x420;&#x43E;&#x434;&#x43D;&#x438;&#x43A; &#x43C;&#x43E;&#x435;&#x439; &#x441;&#x443;&#x434;&#x44C;&#x431;&#x44B; - &#x411;&#x435;&#x440;&#x43A;&#x435;&#x442;-&#x41A;&#x43B;&#x44E;&#x447;</subfield>
    <subfield code="e">&#x438;&#x441;&#x442;&#x43E;&#x440;&#x438;&#x44F; &#x441;. &#x411;&#x435;&#x440;&#x43A;&#x435;&#x442;-&#x41A;&#x43B;&#x44E;&#x447; &#x427;&#x435;&#x440;&#x435;&#x43C;&#x448;&#x430;&#x43D;. &#x440;-&#x43D;&#x430; &#x420;&#x435;&#x441;&#x43F;. &#x422;&#x430;&#x442;&#x430;&#x440;&#x441;&#x442;&#x430;&#x43D;]</subfield>
    <subfield code="z">rus</subfield>
  </datafield>
  <datafield tag="606" ind1="1" ind2=" ">
    <subfield code="a">&#x422;&#x430;&#x442;&#x430;&#x440;&#x441;&#x43A;&#x430;&#x44F; &#x434;&#x435;&#x440;&#x435;&#x432;&#x43D;&#x44F;</subfield>
    <subfield code="x">&#x418;&#x441;&#x442;&#x43E;&#x440;&#x438;&#x44F;</subfield>
    <subfield code="9">2175442</subfield>
    <subfield code="3">RU\NLR\auth-onl\66106</subfield>
  </datafield>
  <datafield tag="686" ind1="1" ind2=" ">
    <subfield code="a">&#x422;3(2&#x420;-6&#x422;)-9</subfield>
  </datafield>
  <datafield tag="700" ind1=" " ind2="1">
    <subfield code="a">&#x425;&#x4D9;&#x439;&#x440;&#x435;&#x442;&#x434;&#x438;&#x43D;&#x43E;&#x432;</subfield>
    <subfield code="b">&#x418;. &#x41D;.</subfield>
    <subfield code="g">&#x418;&#x43C;&#x430;&#x43C;&#x435;&#x442;&#x434;&#x438;&#x43D; &#x41D;&#x443;&#x440;&#x445;&#x4D9;&#x43C;&#x4D9;&#x442; &#x443;&#x43B;&#x44B;</subfield>
    <subfield code="4">070</subfield>
  </datafield>
  <datafield tag="790" ind1=" " ind2="1">
    <subfield code="6">z01541</subfield>
    <subfield code="a">&#x425;&#x430;&#x439;&#x440;&#x443;&#x442;&#x434;&#x438;&#x43D;&#x43E;&#x432;</subfield>
    <subfield code="b">&#x418;. &#x41D;.</subfield>
    <subfield code="g">&#x418;&#x43C;&#x430;&#x43C;&#x435;&#x442;&#x434;&#x438;&#x43D; &#x41D;&#x443;&#x440;&#x445;&#x430;&#x43C;&#x435;&#x442;&#x43E;&#x432;&#x438;&#x447;</subfield>
    <subfield code="4">070</subfield>
  </datafield>
  <datafield tag="852" ind1=" " ind2=" ">
    <subfield code="a">NLR</subfield>
    <subfield code="b">&#x41E;&#x41D;&#x41B;</subfield>
    <subfield code="j">&#x422;&#x430;&#x442;&#x430;&#x440;./3-14432</subfield>
  </datafield>
  <datafield tag="942" ind1=" " ind2=" ">
    <subfield code="c">BOOK</subfield>
  </datafield>
  <datafield tag="980" ind1=" " ind2=" ">
    <subfield code="a">NB</subfield>
  </datafield>
  <datafield tag="995" ind1=" " ind2=" ">
    <subfield code="5">2014-06-03</subfield>
    <subfield code="a">ad</subfield>
    <subfield code="b">NLR01</subfield>
    <subfield code="c">NLR01</subfield>
    <subfield code="e">ONL</subfield>
    <subfield code="f">1-380640</subfield>
    <subfield code="k">&#x41E;&#x41D;&#x41B; &#x422;&#x430;&#x442;&#x430;&#x440;./3-14432</subfield>
    <subfield code="o">0</subfield>
    <subfield code="r">BOOK</subfield>
    <subfield code="s">_314432</subfield>
  </datafield>
</record>
